Statistics for Religion in Afghanistan

Click here to take the quiz!

General Stats

  • This quiz has been taken 41 times
  • The average score is 5 of 7

Answer Stats

Percentage Religion % Correct
89%Sunni Islam
100%
10%Shia Islam
100%
0.2%Hindu
89%
0.000000001%Judaism
83%
0.2%Sikh
47%
0.1%Bahá’í
39%
0.5%Zoroastrian
36%

Score Distribution

Percentile by Number Answered

Percent of People with Each Score

Your Score History

You have not taken this quiz